Agricultural legislation in India (V-3) (Record no. 540279)

MARC details
000 -LEADER
fixed length control field 00770nam a2200229Ia 4500
003 - CONTROL NUMBER IDENTIFIER
control field OSt
005 - DATE AND TIME OF LATEST TRANSACTION
control field 20220925201511.0
008 - FIXED-LENGTH DATA ELEMENTS--GENERAL INFORMATION
fixed length control field 220923b |||||||| |||| 00| 0 eng d
037 ## - SOURCE OF ACQUISITION
Terms of availability General Book
040 ## - CATALOGING SOURCE
Original cataloging agency RTL
Transcribing agency RTL
Language of cataloging eng
041 ## - LANGUAGE CODE
Source of code eng
Language code of text/sound track or separate title eng
110 ## - MAIN ENTRY--CORPORATE NAME
Corporate name or jurisdiction name as entry element Economic and Statistical Adviser, Ministry of Food and Agriculture
9 (RLIN) 260996
245 #0 - TITLE STATEMENT
Title Agricultural legislation in India (V-3)
260 ## - PUBLICATION, DISTRIBUTION, ETC.
Place of publication, distribution, etc. Delhi
Name of publisher, distributor, etc. Manager of Publications
Date of publication, distribution, etc. 1952
300 ## - PHYSICAL DESCRIPTION
Extent 455p.
Dimensions cm.
700 ## - ADDED ENTRY--PERSONAL NAME
Personal name Economic and Statistical Adviser, Ministry of Food and Agriculture
9 (RLIN) 260997
942 ## - ADDED ENTRY ELEMENTS (KOHA)
Classification part X9(J):(Z2,211;3).N5t, J0.3/GD
Koha item type General Books
Source of classification or shelving scheme Colon Classification (CC)

No items available.

Copyright @ Delhi University Library System